000 00534nam a2200217Ia 4500
003 OSt
005 20220928140449.0
006 a|||||r|||| 00| 0
007 ta
008 220927b |||||||| |||| 00| 0 eng d
024 _a8522
037 _cTextual
040 _aSDCL
_cSDCL
_beng
041 _2eng
_aeng
082 _aO-,3M74w, L8
100 _aMaugham Robin
_9495258
245 0 _aConversations with willie.
260 _c1978
942 _hO-,3M74w, L8
_cTEXL
_2CC
999 _c811423
_d811423